Orientaciones para antes de casaros / (Record no. 188726)

MARC details
000 -LEADER
campo de control de longitud fija 00722nam a2200229 i 4500
001 - NÚMERO DE CONTROL
campo de control 188726
003 - IDENTIFICADOR DE NÚMERO DE CONTROL
campo de control ES-MaACL
005 - FECHA Y HORA DE LA ÚLTIMA TRANSACCIÓN
campo de control 20250807081311.0
007 - CAMPO FIJO DE DESCRIPCIÓN FÍSICA--INFORMACIÓN GENERAL
campo de control de longitud fija t|
008 - DATOS DE LONGITUD FIJA--INFORMACIÓN GENERAL
campo de control de longitud fija 190211s1966 sp ||||1| spa d
100 0# - ENTRADA PRINCIPAL--NOMBRE DE PERSONA
Nombre de persona Picard, Hervé.
9 (RLIN) 91777
245 10 - MENCIÓN DEL TÍTULO
Título Orientaciones para antes de casaros /
Mención de responsabilidad, etc. Hervé Picard ; versión de José Mas Godayol.
260 ## - PUBLICACIÓN, DISTRIBUCIÓN, ETC.
Lugar de publicación, distribución, etc. Barcelona :
Nombre del editor, distribuidor, etc. Nova Terra,
Fecha de publicación, distribución, etc. [1966]
300 ## - DESCRIPCIÓN FÍSICA
Extensión 157 p. ;
Dimensiones 20 cm.
490 1# - MENCIÓN DE SERIE
Mención de serie Colección "Navidad" ;
Designación de volumen o secuencia 9
650 07 - PUNTO DE ACCESO ADICIONAL DE MATERIA--TÉRMINO DE MATERIA
Término de materia o nombre geográfico como elemento de entrada Matrimonio
Fuente del encabezamiento o término embne
9 (RLIN) 14855
650 #7 - PUNTO DE ACCESO ADICIONAL DE MATERIA--TÉRMINO DE MATERIA
Término de materia o nombre geográfico como elemento de entrada Ética sexual
Fuente del encabezamiento o término embne
9 (RLIN) 12591
700 0# - ENTRADA AGREGADA--NOMBRE PERSONAL
Nombre de persona Mas Godayol, José.
9 (RLIN) 78634
830 0# - PUNTO DE ACCESO ADICIONAL DE SERIE-TÍTULO UNIFORME
Título uniforme Colección "Navidad" ;
Designación de volumen o secuencia 9
9 (RLIN) 181795
852 ## - LOCALIZACIÓN
Ubicación ES-MaACL
Número de control de estantería P-474-Ter-8
Holdings
Estatus retirado Estado de pérdida Estado de daño No para préstamo Biblioteca de origen Biblioteca actual Ubicación en estantería Fecha de adquisición Fuente de adquisición Total de préstamos Signatura topográfica completa Código de barras Visto por última vez Precio de reemplazo Tipo de ítem Koha
        Biblioteca del Ateneo de Madrid Biblioteca del Ateneo de Madrid Depósito 2 11/02/2019     P-474-Ter-8 1199847 23/02/2023 23/02/2023 Libro impreso